<?xml version="1.0" encoding="UTF-8"?>
<collection xmlns="http://www.loc.gov/MARC21/slim">
 <record>
  <leader>00652nam a22002175a 4500</leader>
  <controlfield tag="001">EEA.libagro005100</controlfield>
  <controlfield tag="005">20181004125241.0</controlfield>
  <controlfield tag="008">130809s1995####ii#a##########000#0#eng#d</controlfield>
  <datafield tag="020" ind1=" " ind2=" ">
   <subfield code="z">92-9066-285-9</subfield>
  </datafield>
  <datafield tag="082" ind1="0" ind2="4">
   <subfield code="a">633.17497</subfield>
  </datafield>
  <datafield tag="082" ind1="0" ind2="4">
   <subfield code="a">633.17197</subfield>
  </datafield>
  <datafield tag="100" ind1="1" ind2=" ">
   <subfield code="a">Nwanze, K.F.</subfield>
  </datafield>
  <datafield tag="245" ind1="1" ind2="0">
   <subfield code="a">Panicle insect pests of sorghum and pearl millet /</subfield>
   <subfield code="c">K.F. Nwanze, O. Youm.</subfield>
  </datafield>
  <datafield tag="300" ind1=" " ind2=" ">
   <subfield code="a">316 p. :</subfield>
   <subfield code="b">ilus. ;</subfield>
   <subfield code="c">23,5 cm.</subfield>
  </datafield>
  <datafield tag="653" ind1=" " ind2=" ">
   <subfield code="a">Insectos daÑinos</subfield>
  </datafield>
  <datafield tag="653" ind1=" " ind2=" ">
   <subfield code="a">Insectos que atacan las semillas</subfield>
  </datafield>
  <datafield tag="653" ind1=" " ind2=" ">
   <subfield code="a">Control de insectos</subfield>
  </datafield>
  <datafield tag="653" ind1=" " ind2=" ">
   <subfield code="a">Sorgos</subfield>
  </datafield>
  <datafield tag="653" ind1=" " ind2=" ">
   <subfield code="a">Mijos</subfield>
  </datafield>
  <datafield tag="700" ind1="1" ind2=" ">
   <subfield code="a">Youm, O.</subfield>
   <subfield code="e">edición.</subfield>
  </datafield>
  <datafield tag="859" ind1=" " ind2=" ">
   <subfield code="a">AR-BbBCA</subfield>
   <subfield code="b">BIB. AGRONOMIA</subfield>
   <subfield code="h">633.17497</subfield>
   <subfield code="i">N992</subfield>
   <subfield code="p">1995/2371</subfield>
  </datafield>
 </record>
</collection>
